[Event "POL-chT3 Podkarpackie"]
[Site "Pstragowa"]
[Date "2014.05.04"]
[Round "9.21"]
[White "Krynicki, Henryk"]
[Black "Juszczuk, Grzegorz"]
[Result "1/2-1/2"]
[WhiteElo "1712"]
[BlackElo "1888"]
[PlyCount "92"]
[EventDate "2014.04.30"]
[EventType "team-tourn"]
[EventRounds "9"]
[EventCountry "POL"]
[SourceTitle "EXT 2015"]
[Source "ChessBase"]
[SourceDate "2014.11.20"]
[SourceVersion "1"]
[SourceVersionDate "2014.11.20"]
[SourceQuality "1"]
[WhiteTeam "Ustrzyki Dolne"]
[BlackTeam "Tarnobrzeg"]
[WhiteTeamCountry "POL"]
[BlackTeamCountry "POL"]

1. e4 d6 2. d4 g6 3. Be3 Bg7 4. f3 Nf6 5. h4 Nbd7 6. Bc4 c6 7. a4 d5 8. exd5 Nxd5 9. Bxd5 cxd5 10. Qd2 e5 11. Nc3 0-0 12. Nge2 Nb6 13. b3 Be6 14. Bh6 exd4 15. Bxg7 Kxg7 16. Qxd4+ Qf6 17. 0-0-0 Rad8 18. Nf4 Qxd4 19. Rxd4 Rd7 20. a5 Nc8 21. Ncxd5 Rfd8 22. Rhd1 Ne7 23. Nxe6+ fxe6 24. Nf4 Rxd4 25. Rxd4 Rxd4 26. Nxe6+ Kf6 27. Nxd4 Ke5 28. Ne2 Nc6 29. a6 b6 30. c3 Nb8 31. Nd4 Kf4 32. g4 Nxa6 33. Kc2 Nc7 34. Kd3 Kg3 35. Kc4 Kxh4 36. b4 h5 37. Nb5 Nxb5 38. Kxb5 Kg3 39. gxh5 gxh5 40. c4 h4 41. c5 bxc5 42. bxc5 h3 43. c6 h2 44. c7 h1Q 45. c8Q Qf1+ 46. Qc4 Qb1+ 1/2-1/2

[Event "POL-chT3 Podkarpackie"]
[Site "Pstragowa"]
[Date "2014.05.03"]
[Round "6.21"]
[White "Juszczuk, Grzegorz"]
[Black "Fistek, Dariusz"]
[Result "0-1"]
[WhiteElo "1888"]
[BlackElo "2237"]
[PlyCount "47"]
[EventDate "2014.04.30"]
[EventType "team-tourn"]
[EventRounds "9"]
[EventCountry "POL"]
[SourceTitle "EXT 2015"]
[Source "ChessBase"]
[SourceDate "2014.11.20"]
[SourceVersion "1"]
[SourceVersionDate "2014.11.20"]
[SourceQuality "1"]
[WhiteTeam "Tarnobrzeg"]
[BlackTeam "Przemysl MKS Polonia"]
[WhiteTeamCountry "POL"]
[BlackTeamCountry "POL"]

1. d4 Nf6 2. Nf3 g6 3. Bf4 Bg7 4. e3 0-0 5. Be2 d6 6. 0-0 Nbd7 7. c4 Qe8 8. Nc3 Nh5 9. Bg5 h6 10. Bh4 g5 11. Nd2 Nhf6 12. Bg3 e5 13. h4 Qe7 14. hxg5 hxg5 15. Bd3 c6 16. Re1 Re8 17. Nde4 Nxe4 18. Nxe4 f5 19. Nc3 exd4 20. Bc2 Nf6 21. b4 Be6 22. c5 dxc5 23. bxc5 b5 24. a3 0-1

[Event "POL-chT3 Podkarpackie"]
[Site "Pstragowa"]
[Date "2014.04.30"]
[Round "1.9"]
[White "Juszczuk, Grzegorz"]
[Black "Uryasz, Tomasz"]
[Result "1/2-1/2"]
[WhiteElo "1888"]
[BlackElo "1554"]
[PlyCount "74"]
[EventDate "2014.04.30"]
[EventType "team-tourn"]
[EventRounds "9"]
[EventCountry "POL"]
[SourceTitle "EXT 2015"]
[Source "ChessBase"]
[SourceDate "2014.11.20"]
[SourceVersion "1"]
[SourceVersionDate "2014.11.20"]
[SourceQuality "1"]
[WhiteTeam "Tarnobrzeg"]
[BlackTeam "Pilzno GKSz Hetman II"]
[WhiteTeamCountry "POL"]
[BlackTeamCountry "POL"]

1. d4 Nf6 2. Nf3 e6 3. Bf4 d5 4. e3 Bd6 5. Ne5 Nbd7 6. Bd3 0-0 7. 0-0 Re8 8. Nd2 Nf8 9. c4 c6 10. c5 Bc7 11. b4 N6d7 12. Ndf3 f6 13. Nxd7 Bxd7 14. Bxc7 Qxc7 15. Qb3 Kh8 16. Rfe1 e5 17. Bf1 exd4 18. Nxd4 g6 19. a4 Ne6 20. Red1 Ng5 21. Rac1 Ne4 22. b5 h5 23. Qd3 Kg7 24. h4 Rad8 25. Be2 Re5 26. Bf3 Rde8 27. Be2 R8e7 28. Nf3 R5e6 29. Qd4 Kf7 30. Bd3 Re8 31. Rc2 R6e7 32. Rb1 Bc8 33. b6 Qb8 34. bxa7 Qxa7 35. Rb6 Qa5 36. Qb4 Qxb4 37. Rxb4 Kg7 1/2-1/2

[Event "IECC CL4-2000.12"]
[Site "IECC email"]
[Date "2000.02.03"]
[Round "?"]
[White "Wagener, Dirk"]
[Black "Juszczuk, Grzegorz"]
[Result "1-0"]
[WhiteElo "1579"]
[BlackElo "1759"]
[PlyCount "67"]
[EventDate "2000.??.??"]
[EventType "tourn (corr)"]
[EventRounds "4"]
[SourceTitle "Corr 2008"]
[Source "ChessBase"]
[SourceDate "2008.06.24"]
[SourceVersion "1"]
[SourceVersionDate "2008.06.24"]
[SourceQuality "1"]

1. d4 Nf6 2. Bg5 g6 3. Bxf6 exf6 4. e3 Bg7 5. Ne2 0-0 6. Nf4 f5 7. Bd3 b6 8. 0-0 Bb7 9. Nd2 d6 10. b4 Nd7 11. a4 c5 12. c3 Re8 13. a5 Rc8 14. axb6 axb6 15. Qb3 Qg5 16. bxc5 dxc5 17. Nc4 Qf6 18. Ra7 Rb8 19. Rb1 b5 20. Qxb5 Bc8 21. Qa5 Rxb1+ 22. Bxb1 Bh6 23. Qc7 cxd4 24. Nd6 dxe3 25. Nxe8 exf2+ 26. Kxf2 Qh4+ 27. g3 Qxh2+ 28. Ng2 Be3+ 29. Kxe3 Qg1+ 30. Kd2 Qxg2+ 31. Kc1 Qf1+ 32. Kb2 Qe2+ 33. Bc2 Ne5 34. Qxc8 1-0

[Event "IECC KO email"]
[Site "IECC email"]
[Date "1998.11.15"]
[Round "1"]
[White "Juszczuk, Grzegorz"]
[Black "Jobe, Tom B"]
[Result "1/2-1/2"]
[WhiteElo "1766"]
[BlackElo "1660"]
[PlyCount "40"]
[EventDate "1998.??.??"]
[EventType "tourn (corr)"]
[EventRounds "6"]
[SourceTitle "Corr 2008"]
[Source "ChessBase"]
[SourceDate "2008.06.24"]
[SourceVersion "1"]
[SourceVersionDate "2008.06.24"]
[SourceQuality "1"]

1. c4 Nf6 2. Nc3 c5 3. d3 Nc6 4. Nf3 g6 5. g3 Bg7 6. Bg2 0-0 7. 0-0 d6 8. Bd2 a6 9. a3 Rb8 10. Rb1 Bd7 11. b4 cxb4 12. axb4 b5 13. cxb5 axb5 14. Qc1 Qc8 15. Bh6 Bh3 16. Bxg7 Kxg7 17. Qb2 Kg8 18. Rfc1 Bxg2 19. Kxg2 Qb7 20. Kg1 Rfc8 1/2-1/2

[Event "IECC Trio 571 email"]
[Site "IECC email"]
[Date "1998.06.28"]
[Round "?"]
[White "Dror, Daniel"]
[Black "Juszczuk, Grzegorz"]
[Result "1-0"]
[WhiteElo "1840"]
[BlackElo "1779"]
[PlyCount "51"]
[EventDate "1998.??.??"]
[EventType "tourn (corr)"]
[EventRounds "4"]
[SourceTitle "Corr 2008"]
[Source "ChessBase"]
[SourceDate "2008.06.24"]
[SourceVersion "1"]
[SourceVersionDate "2008.06.24"]
[SourceQuality "1"]

1. d4 c5 2. d5 d6 3. c4 Nf6 4. Nc3 g6 5. e4 Bg7 6. f4 0-0 7. Nf3 Na6 8. Be2 Nc7 9. 0-0 Bd7 10. e5 Nfe8 11. Be3 Rb8 12. Qc2 b5 13. cxb5 Nxb5 14. Nxb5 Bxb5 15. Bxb5 Rxb5 16. Rad1 Nc7 17. b3 Qa8 18. exd6 exd6 19. Qd3 a5 20. Ng5 a4 21. Ne4 Rd8 22. f5 axb3 23. fxg6 hxg6 24. axb3 Qb7 25. Rxf7 Kxf7 26. Ng5+ 1-0